[Event "World Chess Olympiad 2018"]
[Site "Batumi"]
[Date "2018.10.02"]
[Round "8"]
[Board "3"]
[WhiteFideId "12401820"]
[White "Tran Tuan Minh"]
[BlackFideId "13700316"]
[Black "Kazhgaleyev Murtas"]
[Result "0-1"]
[LiveChessVersion "1.4.8"]
[BlackElo "2582"]
[WhiteElo "2491"]

1. d4 {[%clk 1:30:42]} Nf6 {[%clk 1:30:54]} 2. c4 {[%clk 1:31:00]} g6
{[%clk 1:31:18]} 3. Nc3 {[%clk 1:31:00]} Bg7 {[%clk 1:31:00]} 4. e4
{[%clk 1:31:23]} d6 {[%clk 1:31:24]} 5. Be2 {[%clk 1:31:46]} O-O {[%clk 1:31:44]}
6. Be3 {[%clk 1:31:57]} c6 {[%clk 1:32:03]} 7. Nf3 {[%clk 1:31:58]} e5
{[%clk 1:32:19]} 8. d5 {[%clk 1:32:05]} Ng4 {[%clk 1:30:01]} 9. Bg5
{[%clk 1:32:26]} f6 {[%clk 1:30:15]} 10. Bh4 {[%clk 1:31:42]} Nh6
{[%clk 1:27:52]} 11. O-O {[%clk 1:31:58]} c5 {[%clk 1:25:18]} 12. a3
{[%clk 1:31:39]} Na6 {[%clk 1:17:35]} 13. Ne1 {[%clk 1:29:48]} Bd7
{[%clk 1:15:03]} 14. Nd3 {[%clk 1:29:16]} g5 {[%clk 1:09:43]} 15. Bg3
{[%clk 1:29:39]} Qe7 {[%clk 1:06:49]} 16. Re1 {[%clk 1:24:02]} b6
{[%clk 1:03:38]} 17. Qd2 {[%clk 1:21:06]} f5 {[%clk 1:01:22]} 18. exf5
{[%clk 1:21:16]} Nxf5 {[%clk 1:01:35]} 19. Bg4 {[%clk 1:17:07]} Nd4
{[%clk 0:53:50]} 20. Bxd7 {[%clk 1:09:34]} Qxd7 {[%clk 0:54:10]} 21. Qxg5
{[%clk 0:50:16]} Nc2 {[%clk 0:52:41]} 22. Rac1 {[%clk 0:37:49]} Nxe1
{[%clk 0:53:00]} 23. Rxe1 {[%clk 0:38:07]} Rf5 {[%clk 0:48:36]} 24. Qd2
{[%clk 0:38:09]} Nc7 {[%clk 0:46:19]} 25. b4 {[%clk 0:38:00]} Raf8
{[%clk 0:45:17]} 26. f3 {[%clk 0:31:59]} Ne8 {[%clk 0:41:31]} 27. Nf2
{[%clk 0:30:59]} Qf7 {[%clk 0:38:49]} 28. Nfe4 {[%clk 0:27:12]} Qg6
{[%clk 0:37:53]} 29. bxc5 {[%clk 0:26:48]} bxc5 {[%clk 0:38:18]} 30. Rb1
{[%clk 0:21:09]} Bh6 {[%clk 0:34:07]} 31. Qd3 {[%clk 0:19:34]} Bf4
{[%clk 0:31:15]} 32. Rb8 {[%clk 0:15:59]} Ng7 {[%clk 0:26:26]} 33. Qb1
{[%clk 0:12:04]} Be3+ {[%clk 0:22:43]} 34. Kf1 {[%clk 0:06:14]} Bd4
{[%clk 0:22:14]} 35. Ne2 {[%clk 0:06:21]} R5f7 {[%clk 0:20:08]} 36. Nxd4
{[%clk 0:04:59]} cxd4 {[%clk 0:20:22]} 37. Bf2 {[%clk 0:01:17]} Nf5
{[%clk 0:18:32]} 38. Rb3 {[%clk 0:00:32]} Rg7 {[%clk 0:16:29]} 39. g3
{[%clk 0:00:32]} Qh5 {[%clk 0:13:07]} 40. g4 {[%clk 0:30:31]} Qh3+
{[%clk 0:39:15]} 41. Ke2 {[%clk 0:27:18]} Ne3 {[%clk 0:36:48]} 42. Nf6+
{[%clk 0:27:33]} Kh8 {[%clk 0:31:57]} 43. Rb8 {[%clk 0:06:13]} Rgf7
{[%clk 0:32:07]} 44. g5 {[%clk 0:06:16]} Ng2 {[%clk 0:26:13]} 45. Bg3
{[%clk 0:04:28]} Nf4+ {[%clk 0:25:09]} 46. Ke1 {[%clk 0:01:14]} d3
{[%clk 0:18:24]} 47. Rxf8+ {[%clk 0:00:39]} Rxf8 {[%clk 0:18:44]} 48. Qb7
{[%clk 0:00:56]} d2+ {[%clk 0:11:34]} 49. Kxd2 {[%clk 0:01:21]} Qg2+
{[%clk 0:11:57]} 50. Kc1 {[%clk 0:00:44]} Qf1+ {[%clk 0:11:03]} 51. Kb2
{[%clk 0:00:44]} Qe2+ {[%clk 0:11:06]} 52. Ka1 Qd3 {[%clk 0:08:43]} 53. Bxf4
{[%clk 0:00:38]} Qxa3+ {[%clk 0:08:09]} 54. Kb1 {[%clk 0:01:07]} Qd3+
{[%clk 0:08:30]} 55. Ka1 {[%clk 0:01:20]} exf4 {[%clk 0:08:47]} 56. Qb2
{[%clk 0:00:35]} Qf1+ {[%clk 0:08:08]} 57. Ka2 {[%clk 0:00:33]} Qxc4+
{[%clk 0:08:30]} 58. Kb1 {[%clk 0:00:32]} Qf1+ {[%clk 0:08:03]} 59. Ka2
{[%clk 0:01:01]} Qa6+ {[%clk 0:08:24]} 60. Kb1 {[%clk 0:01:07]} Qb6
{[%clk 0:08:16]} 61. Qxb6 {[%clk 0:00:32]} axb6 {[%clk 0:08:41]} 62. Ne4
{[%clk 0:00:31]} Rf5 {[%clk 0:08:35]} 63. h4 {[%clk 0:00:31]} Rxd5
{[%clk 0:08:28]} 64. h5 {[%clk 0:00:53]} Kg7 {[%clk 0:08:12]} 65. Kc2
{[%clk 0:00:34]} Re5 {[%clk 0:07:12]} 66. Kd3 {[%clk 0:00:53]} d5
{[%clk 0:07:12]} 0-1

[Event "World Chess Olympiad 2018"]
[Site "Batumi"]
[Date "2018.10.02"]
[Round "8"]
[Board "4"]
[WhiteFideId "13707647"]
[White "Makhnev Denis"]
[BlackFideId "12404675"]
[Black "Nguyen Anh Khoi"]
[Result "1/2-1/2"]
[LiveChessVersion "1.4.8"]
[BlackElo "2463"]
[WhiteElo "2449"]

1. d4 {[%clk 1:30:55]} Nf6 {[%clk 1:30:51]} 2. c4 {[%clk 1:31:11]} e6
{[%clk 1:30:43]} 3. g3 {[%clk 1:31:32]} c5 {[%clk 1:30:16]} 4. d5
{[%clk 1:31:54]} exd5 {[%clk 1:30:40]} 5. cxd5 {[%clk 1:32:18]} d6
{[%clk 1:30:59]} 6. Nc3 {[%clk 1:32:37]} g6 {[%clk 1:30:25]} 7. Bg2
{[%clk 1:33:00]} Bg7 {[%clk 1:30:49]} 8. Nf3 {[%clk 1:33:14]} O-O
{[%clk 1:31:02]} 9. O-O {[%clk 1:33:36]} a6 {[%clk 1:29:44]} 10. a4
{[%clk 1:33:57]} Nbd7 {[%clk 1:29:50]} 11. Bf4 {[%clk 1:33:44]} Qe7
{[%clk 1:30:03]} 12. Re1 {[%clk 1:21:27]} Ng4 {[%clk 1:27:38]} 13. Bg5
{[%clk 1:16:14]} f6 {[%clk 1:23:59]} 14. Bd2 {[%clk 1:16:39]} Rb8
{[%clk 1:15:38]} 15. Rb1 {[%clk 1:16:35]} f5 {[%clk 1:07:30]} 16. h3
{[%clk 1:04:14]} Nge5 {[%clk 1:06:29]} 17. Ng5 {[%clk 1:04:33]} Nf6
{[%clk 1:00:18]} 18. b4 {[%clk 0:55:56]} h6 {[%clk 0:42:51]} 19. Ne6
{[%clk 0:49:37]} Bxe6 {[%clk 0:43:10]} 20. dxe6 {[%clk 0:50:02]} Qxe6
{[%clk 0:40:20]} 21. bxc5 {[%clk 0:49:27]} dxc5 {[%clk 0:40:32]} 22. Bxb7
{[%clk 0:47:51]} Rbd8 {[%clk 0:30:06]} 23. Qc2 {[%clk 0:45:10]} f4
{[%clk 0:19:08]} 24. Bxf4 {[%clk 0:30:40]} Qxh3 {[%clk 0:18:17]} 25. Bg2
{[%clk 0:27:26]} Qh5 {[%clk 0:18:40]} 26. Red1 {[%clk 0:19:38]} Rde8
{[%clk 0:10:49]} 27. Bxe5 {[%clk 0:09:08]} Rxe5 {[%clk 0:08:51]} 28. Bf3
{[%clk 0:09:34]} Ng4 {[%clk 0:08:09]} 29. Bxg4 {[%clk 0:10:00]} Qxg4
{[%clk 0:08:36]} 30. Kg2 {[%clk 0:02:06]} Rh5 {[%clk 0:05:08]} 31. Rh1 Rxh1
{[%clk 0:03:26]} 32. Rxh1 {[%clk 0:02:46]} Bxc3 {[%clk 0:02:58]} 33. Qxc3
{[%clk 0:03:08]} Qe4+ {[%clk 0:02:39]} 34. Kg1 {[%clk 0:03:34]} Qb1+
{[%clk 0:02:19]} 35. Kg2 {[%clk 0:04:02]} Qe4+ {[%clk 0:02:10]} 36. Kg1
{[%clk 0:04:31]} Rd8 {[%clk 0:00:55]} 37. Kh2 {[%clk 0:03:35]} Qxe2
{[%clk 0:00:43]} 38. Qxc5 {[%clk 0:03:22]} Rf8 {[%clk 0:00:57]} 39. Kg1
{[%clk 0:02:08]} Qd1+ {[%clk 0:01:02]} 40. Kh2 {[%clk 0:31:44]} Qe2
{[%clk 0:31:10]} 41. Kg1 {[%clk 0:30:25]} Qe1+ {[%clk 0:20:37]} 42. Kg2
{[%clk 0:30:48]} Qe4+ {[%clk 0:21:01]} 43. Kg1 {[%clk 0:26:08]} Qe1+
{[%clk 0:15:30]} 44. Kg2 {[%clk 0:26:34]} 1/2-1/2

[Event "World Chess Olympiad 2018"]
[Site "Batumi"]
[Date "2018.10.02"]
[Round "8"]
[Board "1"]
[WhiteFideId "6302718"]
[White "Yilmaz Mustafa"]
[BlackFideId "813192"]
[Black "Vocaturo Daniele"]
[Result "1/2-1/2"]
[LiveChessVersion "1.4.8"]
[BlackElo "2615"]
[WhiteElo "2633"]

1. Nf3 {[%clk 1:30:57]} Nf6 {[%clk 1:30:09]} 2. c4 {[%clk 1:31:21]} c5
{[%clk 1:30:00]} 3. Nc3 {[%clk 1:31:25]} g6 {[%clk 1:29:08]} 4. e4
{[%clk 1:29:08]} d6 {[%clk 1:28:13]} 5. d4 {[%clk 1:29:23]} cxd4 {[%clk 1:27:45]}
6. Nxd4 {[%clk 1:29:49]} Nc6 {[%clk 1:27:43]} 7. Be2 {[%clk 1:29:17]} Nxd4
{[%clk 1:27:32]} 8. Qxd4 {[%clk 1:29:42]} Bg7 {[%clk 1:27:54]} 9. Be3
{[%clk 1:28:57]} O-O {[%clk 1:27:55]} 10. Qd2 {[%clk 1:29:17]} a5
{[%clk 1:26:12]} 11. Rd1 {[%clk 1:28:11]} a4 {[%clk 1:12:59]} 12. O-O
{[%clk 1:27:52]} Qa5 {[%clk 1:12:49]} 13. Bd4 {[%clk 1:27:58]} Bd7
{[%clk 1:09:33]} 14. Qe3 {[%clk 1:24:41]} Bc6 {[%clk 1:02:19]} 15. Nd5
{[%clk 1:24:31]} Bxd5 {[%clk 1:00:03]} 16. exd5 {[%clk 1:24:58]} Rfe8
{[%clk 0:55:37]} 17. Qa3 {[%clk 1:25:23]} Ne4 {[%clk 0:51:25]} 18. Be3
{[%clk 1:24:58]} Nc5 {[%clk 0:50:31]} 19. g3 {[%clk 1:25:19]} Ra6
{[%clk 0:44:12]} 20. Rb1 {[%clk 1:19:46]} Rea8 {[%clk 0:37:20]} 21. Rfd1
{[%clk 1:15:37]} Rb6 {[%clk 0:34:16]} 22. Bd2 {[%clk 1:12:07]} Qa7
{[%clk 0:34:39]} 23. Re1 {[%clk 1:02:57]} Bd4 {[%clk 0:30:43]} 24. Bf1
{[%clk 0:58:38]} e5 {[%clk 0:21:50]} 25. dxe6 {[%clk 0:58:15]} Nxe6
{[%clk 0:21:52]} 26. Re2 {[%clk 0:51:11]} Be5 {[%clk 0:14:24]} 27. Be3
{[%clk 0:35:16]} Nd4 {[%clk 0:14:15]} 28. Bxd4 {[%clk 0:31:46]} Bxd4
{[%clk 0:14:40]} 29. Bg2 {[%clk 0:32:09]} Bf6 {[%clk 0:08:41]} 30. Bd5
{[%clk 0:30:22]} Kg7 {[%clk 0:09:05]} 31. Re4 {[%clk 0:14:31]} Qb8
{[%clk 0:07:28]} 32. Qf3 {[%clk 0:10:24]} Qc7 {[%clk 0:06:41]} 33. Rbe1
{[%clk 0:08:52]} Rf8 {[%clk 0:06:56]} 34. b3 {[%clk 0:07:34]} axb3
{[%clk 0:07:22]} 35. axb3 {[%clk 0:08:03]} Rb4 {[%clk 0:04:44]} 36. h4
{[%clk 0:02:02]} h5 {[%clk 0:03:58]} 37. g4 {[%clk 0:01:43]} hxg4
{[%clk 0:03:39]} 38. Rxg4 {[%clk 0:02:04]} Rh8 {[%clk 0:02:15]} 39. Rf4
{[%clk 0:00:57]} Qd8 {[%clk 0:02:40]} 40. Ree4 {[%clk 0:30:38]} Rh5
{[%clk 0:30:51]} 41. Qe3 {[%clk 0:13:27]} Re5 {[%clk 0:23:13]} 42. Rxe5
{[%clk 0:11:23]} dxe5 {[%clk 0:23:39]} 43. Rf3 {[%clk 0:11:41]} Qb6
{[%clk 0:21:34]} 44. Qc3 {[%clk 0:11:43]} Qc5 {[%clk 0:16:11]} 45. h5
{[%clk 0:11:43]} Rb6 {[%clk 0:15:00]} 46. h6+ {[%clk 0:08:38]} Kxh6
{[%clk 0:13:20]} 47. Rh3+ {[%clk 0:08:53]} Kg7 {[%clk 0:13:44]} 48. Qd2
{[%clk 0:06:18]} Kf8 {[%clk 0:13:42]} 49. Bxf7 {[%clk 0:05:55]} Kxf7
{[%clk 0:11:01]} 50. Rh7+ {[%clk 0:06:08]} Kg8 {[%clk 0:11:14]} 51. Qh6
{[%clk 0:06:16]} Qf8 {[%clk 0:11:08]} 52. Qxg6+ {[%clk 0:05:57]} Bg7
{[%clk 0:11:35]} 53. Qxb6 {[%clk 0:06:16]} Kxh7 {[%clk 0:11:59]} 54. Qxb7
{[%clk 0:06:35]} Qf4 {[%clk 0:12:01]} 55. Qd5 {[%clk 0:03:20]} Qg4+
{[%clk 0:11:22]} 56. Kf1 {[%clk 0:03:39]} Qh3+ {[%clk 0:09:35]} 57. Ke2
{[%clk 0:03:56]} Qxb3 {[%clk 0:09:15]} 58. Qe4+ {[%clk 0:04:12]} Kh6
{[%clk 0:08:53]} 59. f4 {[%clk 0:03:25]} Qb2+ {[%clk 0:08:35]} 60. Kf3
{[%clk 0:03:48]} Qb3+ {[%clk 0:07:40]} 61. Ke2 {[%clk 0:03:42]} Qb2+
{[%clk 0:06:42]} 62. Kf3 {[%clk 0:04:08]} Qc3+ {[%clk 0:06:51]} 63. Qe3
{[%clk 0:03:29]} e4+ {[%clk 0:06:37]} 64. Kxe4 {[%clk 0:03:54]} Qxc4+
{[%clk 0:07:03]} 65. Kf3 {[%clk 0:04:07]} Bd4 {[%clk 0:07:04]} 66. Qe2
{[%clk 0:03:52]} Qd5+ {[%clk 0:07:07]} 67. Kg3 {[%clk 0:03:44]} Qf5
{[%clk 0:07:07]} 68. Qa6+ {[%clk 0:03:54]} Bf6 {[%clk 0:07:29]} 69. Qe2
{[%clk 0:03:22]} Qd5 {[%clk 0:07:48]} 70. Qh2+ {[%clk 0:03:25]} Kg7
{[%clk 0:08:08]} 71. Qe2 {[%clk 0:03:49]} Qf5 {[%clk 0:07:22]} 72. Qg4+
{[%clk 0:04:13]} 1/2-1/2

[Event "World Chess Olympiad 2018"]
[Site "Batumi"]
[Date "2018.10.02"]
[Round "8"]
[Board "2"]
[WhiteFideId "865834"]
[White "Moroni Luca Jr"]
[BlackFideId "916811"]
[Black "Solak Dragan"]
[Result "1-0"]
[LiveChessVersion "1.4.8"]
[BlackElo "2609"]
[WhiteElo "2547"]

1. d4 {[%clk 1:30:58]} d5 {[%clk 1:30:43]} 2. c4 {[%clk 1:31:24]} c6
{[%clk 1:31:09]} 3. Nf3 {[%clk 1:31:51]} Nf6 {[%clk 1:31:27]} 4. Qb3
{[%clk 1:32:16]} dxc4 {[%clk 1:30:04]} 5. Qxc4 {[%clk 1:32:40]} Bg4
{[%clk 1:30:13]} 6. Nc3 {[%clk 1:33:06]} Nbd7 {[%clk 1:29:22]} 7. Bf4
{[%clk 1:33:30]} Bxf3 {[%clk 1:20:10]} 8. gxf3 {[%clk 1:33:53]} Nb6
{[%clk 1:20:32]} 9. Qd3 {[%clk 1:34:17]} Nfd5 {[%clk 1:19:30]} 10. Nxd5
{[%clk 1:34:23]} Nxd5 {[%clk 1:19:22]} 11. Bd2 {[%clk 1:34:30]} g6
{[%clk 1:18:17]} 12. e4 {[%clk 1:29:09]} Nc7 {[%clk 1:17:01]} 13. O-O-O
{[%clk 1:23:57]} Bg7 {[%clk 1:16:15]} 14. Be3 {[%clk 1:22:16]} Qd6
{[%clk 1:12:37]} 15. Kb1 {[%clk 1:17:11]} Rd8 {[%clk 1:00:32]} 16. Qb3
{[%clk 1:07:10]} O-O {[%clk 1:00:08]} 17. Be2 {[%clk 1:04:26]} Ne6
{[%clk 0:46:38]} 18. e5 {[%clk 0:52:08]} Qd5 {[%clk 0:46:31]} 19. Qc3
{[%clk 0:44:17]} c5 {[%clk 0:39:23]} 20. dxc5 {[%clk 0:40:49]} Qxe5
{[%clk 0:39:44]} 21. Qxe5 {[%clk 0:38:56]} Bxe5 {[%clk 0:40:09]} 22. Bc4
{[%clk 0:36:57]} Bd4 {[%clk 0:18:59]} 23. Bxe6 {[%clk 0:27:09]} Bxe3
{[%clk 0:19:23]} 24. fxe3 {[%clk 0:23:09]} fxe6 {[%clk 0:19:46]} 25. Rxd8
{[%clk 0:23:17]} Rxd8 {[%clk 0:20:11]} 26. Kc2 {[%clk 0:23:40]} Rd5
{[%clk 0:05:38]} 27. b4 {[%clk 0:23:51]} Rh5 {[%clk 0:05:54]} 28. Rd1
{[%clk 0:16:17]} Rxh2+ {[%clk 0:06:19]} 29. Kb3 {[%clk 0:16:08]} Re2
{[%clk 0:04:07]} 30. b5 {[%clk 0:12:28]} Rxe3+ {[%clk 0:04:19]} 31. Kc4
{[%clk 0:12:54]} b6 {[%clk 0:02:00]} 32. c6 {[%clk 0:06:53]} Re5 {[%clk 0:02:28]}
33. Kb4 {[%clk 0:06:12]} Rc5 {[%clk 0:02:32]} 34. Rd7 {[%clk 0:06:38]} h5
{[%clk 0:02:19]} 35. Rxe7 {[%clk 0:06:05]} Kf8 {[%clk 0:00:58]} 36. Rxa7
{[%clk 0:05:58]} h4 {[%clk 0:01:00]} 37. Rh7 {[%clk 0:05:31]} g5 {[%clk 0:01:20]}
38. c7 {[%clk 0:04:32]} Ke8 {[%clk 0:01:15]} 39. a4 {[%clk 0:04:42]} Rc1
{[%clk 0:00:34]} 40. a5 {[%clk 0:34:36]} Rb1+ {[%clk 0:30:31]} 41. Ka3
{[%clk 0:34:37]} Ra1+ {[%clk 0:30:33]} 42. Kb2 {[%clk 0:35:03]} Rxa5
{[%clk 0:30:57]} 43. c8=Q# {[%clk 0:35:24]} 1-0

[Event "World Chess Olympiad 2018"]
[Site "Batumi"]
[Date "2018.10.02"]
[Round "8"]
[Board "3"]
[WhiteFideId "6302181"]
[White "Can Emre"]
[BlackFideId "813613"]
[Black "Brunello Sabino"]
[Result "1/2-1/2"]
[LiveChessVersion "1.4.8"]
[BlackElo "2552"]
[WhiteElo "2588"]

1. d4 {[%clk 1:30:52]} Nf6 {[%clk 1:30:46]} 2. c4 {[%clk 1:31:01]} e6
{[%clk 1:31:12]} 3. Nf3 {[%clk 1:31:16]} c5 {[%clk 1:31:29]} 4. d5
{[%clk 1:31:07]} exd5 {[%clk 1:31:50]} 5. cxd5 {[%clk 1:31:34]} d6
{[%clk 1:32:14]} 6. Nc3 {[%clk 1:31:39]} g6 {[%clk 1:32:40]} 7. h3
{[%clk 1:31:38]} Bg7 {[%clk 1:33:02]} 8. e4 {[%clk 1:31:28]} O-O {[%clk 1:33:22]}
9. Bd3 {[%clk 1:31:37]} Nbd7 {[%clk 1:32:56]} 10. O-O {[%clk 1:31:35]} Nh5
{[%clk 1:30:57]} 11. Bg5 {[%clk 1:31:19]} Bf6 {[%clk 1:30:36]} 12. Bh6
{[%clk 1:31:04]} Bg7 {[%clk 1:24:32]} 13. Bxg7 {[%clk 1:29:29]} Kxg7
{[%clk 1:24:48]} 14. Qd2 {[%clk 1:29:51]} Qf6 {[%clk 1:22:45]} 15. Ne2
{[%clk 1:30:13]} c4 {[%clk 1:05:47]} 16. Bxc4 {[%clk 1:22:58]} Re8
{[%clk 0:56:35]} 17. Qe3 {[%clk 1:15:51]} Nb6 {[%clk 0:32:35]} 18. Bb3
{[%clk 1:13:22]} Qxb2 {[%clk 0:31:23]} 19. Nc3 {[%clk 1:01:22]} Bd7
{[%clk 0:21:35]} 20. Qd4+ {[%clk 0:53:55]} Nf6 {[%clk 0:21:20]} 21. Rae1
{[%clk 0:41:32]} Rac8 {[%clk 0:18:46]} 22. Re3 {[%clk 0:41:35]} Qa3
{[%clk 0:15:18]} 23. e5 {[%clk 0:37:36]} dxe5 {[%clk 0:15:22]} 24. Nxe5
{[%clk 0:37:46]} Qc5 {[%clk 0:07:48]} 25. Qf4 {[%clk 0:37:20]} Qd6
{[%clk 0:06:58]} 26. Rc1 {[%clk 0:18:11]} Ba4 {[%clk 0:03:02]} 27. Bxa4
{[%clk 0:15:13]} Nxa4 {[%clk 0:02:58]} 28. Qxa4 {[%clk 0:14:43]} Rxe5
{[%clk 0:03:14]} 29. Qxa7 {[%clk 0:09:47]} Rxe3 {[%clk 0:02:44]} 30. Qxe3
{[%clk 0:09:46]} Nxd5 {[%clk 0:02:53]} 1/2-1/2

[Event "World Chess Olympiad 2018"]
[Site "Batumi"]
[Date "2018.10.02"]
[Round "8"]
[Board "4"]
[WhiteFideId "818860"]
[White "Valsecchi Alessio"]
[BlackFideId "6300545"]
[Black "Sanal Vahap"]
[Result "1/2-1/2"]
[LiveChessVersion "1.4.8"]
[BlackElo "2502"]
[WhiteElo "2500"]

1. e4 {[%clk 1:30:57]} e5 {[%clk 1:30:54]} 2. Nf3 {[%clk 1:31:17]} Nc6
{[%clk 1:31:18]} 3. Bc4 {[%clk 1:31:36]} Bc5 {[%clk 1:31:37]} 4. c3
{[%clk 1:31:55]} Nf6 {[%clk 1:32:01]} 5. d3 {[%clk 1:32:11]} O-O {[%clk 1:31:06]}
6. O-O {[%clk 1:32:26]} d6 {[%clk 1:29:25]} 7. a4 {[%clk 1:31:52]} a5
{[%clk 1:29:37]} 8. h3 {[%clk 1:30:03]} h6 {[%clk 1:28:40]} 9. Re1
{[%clk 1:28:15]} Be6 {[%clk 1:20:26]} 10. Nbd2 {[%clk 1:21:59]} Ba7
{[%clk 1:02:40]} 11. Qb3 {[%clk 1:09:30]} Qd7 {[%clk 1:02:38]} 12. Bxe6
{[%clk 1:06:36]} fxe6 {[%clk 1:02:57]} 13. Nf1 {[%clk 1:05:37]} Nh5
{[%clk 1:02:05]} 14. Be3 {[%clk 1:05:02]} Nf4 {[%clk 0:59:09]} 15. Bxa7
{[%clk 0:57:15]} Rxa7 {[%clk 0:59:04]} 16. Re3 {[%clk 0:57:05]} Raa8
{[%clk 0:52:01]} 17. N1h2 {[%clk 0:50:21]} Kh8 {[%clk 0:48:19]} 18. h4
{[%clk 0:50:03]} b6 {[%clk 0:40:34]} 19. g3 {[%clk 0:48:38]} Nh5 {[%clk 0:40:52]}
20. Qb5 {[%clk 0:46:23]} Nf6 {[%clk 0:40:18]} 21. Rc1 {[%clk 0:38:11]} Na7
{[%clk 0:27:13]} 22. Qxd7 {[%clk 0:32:17]} Nxd7 {[%clk 0:27:37]} 23. d4
{[%clk 0:32:36]} Nc6 {[%clk 0:27:38]} 24. b3 {[%clk 0:29:35]} Rab8
{[%clk 0:24:51]} 25. dxe5 {[%clk 0:28:45]} Ncxe5 {[%clk 0:22:08]} 26. Nd4
{[%clk 0:20:58]} Rbe8 {[%clk 0:19:49]} 27. Nb5 {[%clk 0:20:06]} Rc8
{[%clk 0:19:07]} 28. f4 {[%clk 0:17:13]} Nc6 {[%clk 0:15:10]} 29. Nf3
{[%clk 0:17:18]} e5 {[%clk 0:14:38]} 30. f5 {[%clk 0:15:54]} Nf6 {[%clk 0:14:06]}
31. Rd1 {[%clk 0:15:21]} g6 {[%clk 0:13:03]} 32. fxg6 {[%clk 0:13:44]} Kg7
{[%clk 0:13:27]} 33. Nh2 {[%clk 0:13:11]} Kxg6 {[%clk 0:12:44]} 34. Rf1
{[%clk 0:11:33]} Nd7 {[%clk 0:08:31]} 35. Rxf8 {[%clk 0:07:16]} Nxf8
{[%clk 0:08:59]} 36. Rf3 {[%clk 0:06:46]} Nd7 {[%clk 0:09:02]} 37. Nf1
{[%clk 0:05:56]} Nf6 {[%clk 0:07:29]} 38. Nd2 {[%clk 0:04:55]} Nd8
{[%clk 0:06:25]} 39. Kg2 {[%clk 0:02:53]} Ne6 {[%clk 0:06:39]} 40. Na7
{[%clk 0:31:48]} Re8 {[%clk 0:35:42]} 41. Nb5 {[%clk 0:25:36]} Rg8
{[%clk 0:29:05]} 42. Kh3 {[%clk 0:23:09]} h5 {[%clk 0:26:52]} 43. Rf1
{[%clk 0:21:03]} Kf7 {[%clk 0:24:08]} 44. Na3 {[%clk 0:18:28]} Ke7
{[%clk 0:23:35]} 45. Nac4 {[%clk 0:15:42]} Nc5 {[%clk 0:22:26]} 46. Ne3
{[%clk 0:14:05]} Ncxe4 {[%clk 0:14:57]} 47. Nxe4 {[%clk 0:14:04]} Nxe4
{[%clk 0:15:25]} 48. Nd5+ {[%clk 0:14:19]} Kd8 {[%clk 0:14:02]} 49. Rf3
{[%clk 0:13:40]} Rg6 {[%clk 0:08:33]} 50. b4 {[%clk 0:13:05]} Kd7
{[%clk 0:05:01]} 51. Kh2 {[%clk 0:13:24]} Rg7 {[%clk 0:04:21]} 52. b5
{[%clk 0:10:07]} Ke6 {[%clk 0:04:11]} 53. c4 {[%clk 0:09:59]} Rf7
{[%clk 0:04:07]} 54. Rxf7 {[%clk 0:08:11]} Kxf7 {[%clk 0:04:35]} 55. Nxc7
{[%clk 0:08:29]} Nc3 {[%clk 0:01:10]} 56. g4 {[%clk 0:08:07]} Nxa4
{[%clk 0:01:14]} 57. Nd5 {[%clk 0:08:28]} Nb2 {[%clk 0:01:03]} 58. Nxb6
{[%clk 0:06:55]} a4 {[%clk 0:01:19]} 59. c5 {[%clk 0:07:02]} dxc5
{[%clk 0:01:32]} 60. Nd7 {[%clk 0:07:27]} a3 {[%clk 0:01:10]} 61. b6
{[%clk 0:07:49]} a2 {[%clk 0:01:17]} 62. b7 {[%clk 0:08:10]} a1=Q
{[%clk 0:01:44]} 1/2-1/2

[Event "World Chess Olympiad 2018"]
[Site "Batumi"]
[Date "2018.10.02"]
[Round "8"]
[Board "1"]
[WhiteFideId "13900200"]
[White "Iordachescu Viorel"]
[BlackFideId "13601520"]
[Black "Jobava Baadur"]
[Result "1-0"]
[LiveChessVersion "1.4.8"]
[BlackElo "2634"]
[WhiteElo "2591"]

1. Nf3 {[%clk 1:30:33]} d5 {[%clk 1:30:10]} 2. g3 {[%clk 1:30:41]} g6
{[%clk 1:30:20]} 3. Bg2 {[%clk 1:30:36]} Bg7 {[%clk 1:30:44]} 4. c4
{[%clk 1:30:12]} d4 {[%clk 1:30:25]} 5. O-O {[%clk 1:28:06]} e5 {[%clk 1:30:02]}
6. d3 {[%clk 1:27:44]} Ne7 {[%clk 1:30:16]} 7. b4 {[%clk 1:26:08]} O-O
{[%clk 1:30:28]} 8. Nbd2 {[%clk 1:23:41]} h6 {[%clk 1:20:31]} 9. a4
{[%clk 1:22:10]} Be6 {[%clk 1:19:59]} 10. Ba3 {[%clk 1:20:02]} Nd7
{[%clk 1:20:12]} 11. b5 {[%clk 1:18:18]} Re8 {[%clk 1:20:01]} 12. Nb3
{[%clk 1:18:00]} b6 {[%clk 1:15:09]} 13. a5 {[%clk 1:11:06]} Rb8 {[%clk 1:14:04]}
14. Ne1 {[%clk 1:07:47]} h5 {[%clk 1:13:03]} 15. Nc2 {[%clk 1:01:47]} h4
{[%clk 1:11:27]} 16. Nb4 {[%clk 0:58:08]} hxg3 {[%clk 1:11:50]} 17. hxg3
{[%clk 0:58:06]} Bf6 {[%clk 1:11:33]} 18. axb6 {[%clk 0:33:18]} axb6
{[%clk 1:11:46]} 19. Nd2 {[%clk 0:32:10]} Kg7 {[%clk 1:09:54]} 20. Ne4
{[%clk 0:26:08]} Rh8 {[%clk 1:10:17]} 21. Nc6 {[%clk 0:23:35]} Nxc6
{[%clk 1:10:37]} 22. bxc6 {[%clk 0:23:55]} Nc5 {[%clk 1:11:02]} 23. Bxc5
{[%clk 0:22:43]} bxc5 {[%clk 1:11:22]} 24. Nxc5 {[%clk 0:22:29]} Bg4
{[%clk 1:11:48]} 25. Bf3 {[%clk 0:20:23]} Qg8 {[%clk 1:11:52]} 26. Bxg4
{[%clk 0:16:33]} Qh7 {[%clk 1:12:11]} 27. Kg2 {[%clk 0:16:42]} Qh2+
{[%clk 1:12:38]} 28. Kf3 {[%clk 0:17:06]} Be7 {[%clk 1:13:07]} 29. Rh1
{[%clk 0:15:04]} Qxh1+ {[%clk 1:11:31]} 30. Qxh1 {[%clk 0:15:28]} Rxh1
{[%clk 1:11:59]} 31. Ne6+ {[%clk 0:15:31]} fxe6 {[%clk 1:12:25]} 32. Rxh1
{[%clk 0:15:56]} Rb6 {[%clk 1:09:04]} 33. Bxe6 {[%clk 0:15:10]} Rxc6
{[%clk 1:09:06]} 34. Bd5 {[%clk 0:15:21]} Rf6+ {[%clk 1:09:31]} 35. Kg2
{[%clk 0:15:43]} Ba3 {[%clk 1:05:07]} 36. Ra1 {[%clk 0:14:39]} Ra6
{[%clk 1:04:34]} 37. Kf3 {[%clk 0:13:36]} Ra5 {[%clk 1:00:33]} 38. Rb1
{[%clk 0:13:27]} Bd6 {[%clk 1:00:44]} 39. Be4 {[%clk 0:13:35]} Ra2
{[%clk 1:00:22]} 40. Rb8 {[%clk 0:41:54]} Ra7 {[%clk 1:24:43]} 41. Rd8
{[%clk 0:39:45]} Kf7 {[%clk 1:24:31]} 42. Bd5+ {[%clk 0:37:12]} Kg7
{[%clk 1:22:10]} 43. Rg8+ {[%clk 0:35:06]} Kh7 {[%clk 1:22:23]} 44. Re8
{[%clk 0:35:08]} c5 {[%clk 1:21:00]} 45. Re6 {[%clk 0:33:26]} Rf7+
{[%clk 1:16:42]} 46. Kg2 {[%clk 0:33:33]} Bf8 {[%clk 1:17:08]} 1-0